El Brasil (Record no. 82040)

MARC details
000 -LEADER
campo de control de longitud fija 01653nam a2200313 i 4500
001 - NÚMERO DE CONTROL
campo de control 82040
003 - IDENTIFICADOR DE NÚMERO DE CONTROL
campo de control ES-MaACL
005 - FECHA Y HORA DE LA ÚLTIMA TRANSACCIÓN
campo de control 20250420125331.0
007 - CAMPO FIJO DE DESCRIPCIÓN FÍSICA--INFORMACIÓN GENERAL
campo de control de longitud fija t|
008 - DATOS DE LONGITUD FIJA--INFORMACIÓN GENERAL
campo de control de longitud fija 041116s1892 sp |||| | spa d
080 ## - NÚMERO DE LA CLASIFICACIÓN DECIMAL UNIVERSAL
Número de la Clasificación Decimal Universal 910.4(81)"15/16"
100 1# - ENTRADA PRINCIPAL--NOMBRE DE PERSONA
Nombre de persona Reparaz, Gonzalo de,
Fechas asociadas al nombre 1860-1939
9 (RLIN) 131716
245 13 - MENCIÓN DEL TÍTULO
Título El Brasil
Resto del título : descubrimiento, colonización e influencia en la península /
Mención de responsabilidad, etc. conferencia de D. Gonzalo de Reparaz, leída el día 21 de mayo de 1892.
260 ## - PUBLICACIÓN, DISTRIBUCIÓN, ETC.
Lugar de publicación, distribución, etc. Madrid :
Nombre del editor, distribuidor, etc. [s.n.],
Fecha de publicación, distribución, etc. 1892 (
Fabricante Estab. Tip. "Sucesores de Rivadeneyra")
300 ## - DESCRIPCIÓN FÍSICA
Extensión 48 p. ;
Dimensiones 25 cm.
594 ## - Nota al título y mención de responsabilidad
Nota al título y mención de responsabilidad Precede al tít.: Ateneo de Madrid.
594 ## - Nota al título y mención de responsabilidad
Nota al título y mención de responsabilidad Forma parte de: "El continente americano : conferencias dadas en el Ateneo Científico, Literario y Artístico de Madrid con motivo del Cuarto Centenario del Descubrimiento de América". Madrid, 1894; tít. que agrupa todas las conferencias del ciclo en 3 v.; cada una de ellas con port. y año propios. Esta publicación pertenece al v. 2.
610 24 - PUNTO DE ACCESO ADICIONAL DE MATERIA--NOMBRE DE ENTIDAD CORPORATIVA
Nombre de entidad corporativa o nombre de jurisdicción como elemento de entrada Ateneo de Madrid-
Subdivisión de forma Conferencias-
Subdivisión cronológica S.XIX.
9 (RLIN) 1910
610 24 - PUNTO DE ACCESO ADICIONAL DE MATERIA--NOMBRE DE ENTIDAD CORPORATIVA
Nombre de entidad corporativa o nombre de jurisdicción como elemento de entrada Ateneo de Madrid-
Subdivisión de forma Obras digitalizadas.
9 (RLIN) 1930
651 #4 - PUNTO DE ACCESO ADICIONAL DE MATERIA--NOMBRE GEOGRÁFICO
Nombre geográfico Brasil-
Subdivisión general Descubrimientos y exploraciones.
9 (RLIN) 172934
651 #4 - PUNTO DE ACCESO ADICIONAL DE MATERIA--NOMBRE GEOGRÁFICO
Nombre geográfico Brasil-
Subdivisión general Historia-
Subdivisión cronológica 1548-1822, Época colonial.
9 (RLIN) 172675
740 32 - ENTRADA AGREGADA--TÍTULO RELACIONADO/ANALÍTICO NO CONTROLADO
Título relacionado o analítico no controlado El continente americano.
852 ## - LOCALIZACIÓN
Ubicación ES-MaACL
Número de control de estantería R-2604(8)
852 ## - LOCALIZACIÓN
Ubicación ES-MaACL
Número de control de estantería 2152-F-17
Ubicación en estantería Depósito folletos
Nota libre Revisado enlace: 20 de Abril de 2025
856 ## - LOCALIZACIÓN Y ACCESO ELECTRÓNICOS
Identificador Uniforme de Recursos <a href="http://www.ateneodemadrid.com/biblioteca_digital/folletos/Folletos-0045.pdf">http://www.ateneodemadrid.com/biblioteca_digital/folletos/Folletos-0045.pdf</a>
Texto de enlace Ver documento
856 ## - LOCALIZACIÓN Y ACCESO ELECTRÓNICOS
Identificador Uniforme de Recursos <a href="http://bdh-rd.bne.es/viewer.vm?id=0000253281&page=1 ">http://bdh-rd.bne.es/viewer.vm?id=0000253281&page=1 </a>
Texto de enlace Biblioteca Digital Hispánica
942 ## - ELEMENTOS DE ENTRADA SECUNDARIOS (KOHA)
Fuente del sistema de clasificación o colocación Clasificación decimal universal
Holdings
Estatus retirado Estado de pérdida Fuente del sistema de clasificación o colocación Estado de daño No para préstamo Colección Biblioteca de origen Biblioteca actual Ubicación en estantería Fecha de adquisición Total de préstamos Signatura topográfica completa Código de barras Visto por última vez Precio de reemplazo Tipo de ítem Koha Fuente de adquisición
    Clasificación decimal universal     Biblioteca Digital del Ateneo de Madrid Biblioteca del Ateneo de Madrid Biblioteca del Ateneo de Madrid Depósito folletos 17/01/2008   2152-F-17 1085747 23/02/2023 23/02/2023 Folleto  
          Colección digital Biblioteca del Ateneo de Madrid Biblioteca del Ateneo de Madrid Depósito 17/01/2008   R-2604(8) 1085746 23/02/2023 23/02/2023 Libro impreso antiguo